000 01232nam a2200313Ia 4500
001 ebr10595601
003 CaPaEBR
006 m u
007 cr cn|||||||||
008 110831s2012 quc sb 001 0 eng d
020 _z0773539506
020 _z9780773539501
020 _z9780773587311 (ebook)
040 _aCaPaEBR
_cCaPaEBR
035 _a(OCoLC)811411376
050 1 4 _aPR9185.5.S87
_bG65 2012eb
100 1 _aGoldman, Marlene,
_d1963-
245 1 0 _aDisPossession
_h[electronic resource] :
_bhaunting in Canadian fiction /
_cMarlene Goldman.
260 _aMontreal ;
_aIthaca :
_bMcGill-Queen's University Press,
_cc2012.
300 _axi, 370 p.
504 _aIncludes bibliographical references and index.
533 _aElectronic reproduction.
_bPalo Alto, Calif. :
_cebrary,
_d2011.
_nAvailable via World Wide Web.
_nAccess may be limited to ebrary affiliated libraries.
650 0 _aGhosts in literature.
650 0 _aSpirit possession in literature.
650 0 _aSupernatural in literature.
655 7 _aElectronic books.
_2local
710 2 _aebrary, Inc.
856 4 0 _uhttp://site.ebrary.com/lib/rucke/Doc?id=10595601
_zAn electronic book accessible through the World Wide Web; click to view
999 _c218503
_d218503